000 00294nam a22001337a 4500
020 _a978-93-537814-8-4
082 _a823
_bBOO/P
100 _aBOOK FORD
245 _aPETER PAN
260 _aDELHI
_bBOOK FORD PUBLICATIONS
300 _a16
650 _aCHILDRENS STORY BOOK
_zINDIA
942 _cBK
999 _c7064
_d7064